Urgent architecture : (Record no. 354021)

000 -LEADER
fixed length control field 00990cam a2200277 i 4500
001 - CONTROL NUMBER
control field 17223519
003 - CONTROL NUMBER IDENTIFIER
control field OSt
005 - DATE AND TIME OF LATEST TRANSACTION
control field 20180116192424.0
008 - FIXED-LENGTH DATA ELEMENTS--GENERAL INFORMATION
fixed length control field 120323s2013 nyua b 001 0 eng
010 ## - LIBRARY OF CONGRESS CONTROL NUMBER
LC control number 2012012361
020 ## - INTERNATIONAL STANDARD BOOK NUMBER
International Standard Book Number 9780393733587 (pbk.)
040 ## - CATALOGING SOURCE
Original cataloging agency DLC
Language of cataloging eng
Transcribing agency DLC
Description conventions rda
Modifying agency DLC
042 ## - AUTHENTICATION CODE
Authentication code pcc
050 00 - LIBRARY OF CONGRESS CALL NUMBER
Classification number HD7287
Item number .M438 2013
082 00 - DEWEY DECIMAL CLASSIFICATION NUMBER
Classification number 720.47
Edition number 23
100 1# - MAIN ENTRY--PERSONAL NAME
Personal name Meinhold, Bridgette.
9 (RLIN) 7823
245 10 - TITLE STATEMENT
Title Urgent architecture :
Remainder of title 40 sustainable housing solutions for a changing world /
Statement of responsibility, etc. Bridgette Meinhold.
250 ## - EDITION STATEMENT
Edition statement First edition.
260 ## - PUBLICATION, DISTRIBUTION, ETC.
Place of publication, distribution, etc. New York :
Name of publisher, distributor, etc. W.W. Norton & Company,
Date of publication, distribution, etc. c2013.
300 ## - PHYSICAL DESCRIPTION
Extent 256 pages :
Other physical details illustrations (chiefly color) ;
Dimensions 26 cm
504 ## - BIBLIOGRAPHY, ETC. NOTE
Bibliography, etc. note Includes bibliographical references (page 251) and index.
650 #0 - SUBJECT ADDED ENTRY--TOPICAL TERM
Topical term or geographic name entry element Housing
General subdivision Environmental aspects.
9 (RLIN) 7824
906 ## - LOCAL DATA ELEMENT F, LDF (RLIN)
a 7
b cbc
c orignew
d 1
e ecip
f 20
g y-gencatlg
942 ## - ADDED ENTRY ELEMENTS (KOHA)
Source of classification or shelving scheme
Koha item type Book
Holdings
Withdrawn status Lost status Source of classification or shelving scheme Damaged status Not for loan Permanent Location Current Location Date acquired Total Checkouts Full call number Barcode Date last seen Cost, replacement price Price effective from Koha item type
          School of Art Design and Architecture (SADA) School of Art Design and Architecture (SADA) 10/01/2014   720.47 MEI 2013 SADA0002390 01/05/2017 4417.20 01/05/2017 Book
© 2023 Central Library, National University of Sciences and Technology. All Rights Reserved.